=LDR 00000nam 2200000 4500 =001 INLIS000000000007488 =005 20200813071603 =035 ##$$a 0010-061300000007488 =008 200813################g##########0#ind## =041 ##$$a Ind =082 ##$$a 2x4.95 =090 ##$$a 2x4.45, Sur a =245 1#$$a Anggun berjilbab, /$c Nina Surtiretna =260 ##$$a Bandung :$b Al-Bayan,$c 1993 =300 ##$$a 153 hlm., ; $c 14 x 21 cm =650 #4$$a Islam, Pakaian dan Perhiasan =084 ##$$a 2x4.95 SUT a =100 1#$$a Sutinetna, Nina =250 ##$$a Ed. 2 =990 ##$$a 101.153/Pro-96 =990 ##$$a 00042337 =990 ##$$a 111767/Pro.97 =990 ##$$a 00050426